GROUND IMPROVEMENT AND STRUCTURAL DESIGN APPLICATIONS IN GEOTECHNICAL ENGINEERING / (Record no. 204395)

MARC details
000 -LEADER
fixed length control field 01094nam a2200289 i 4500
005 - DATE AND TIME OF LATEST TRANSACTION
control field 20260622171139.0
008 - FIXED-LENGTH DATA ELEMENTS--GENERAL INFORMATION
fixed length control field 260521t20242024my ado gr 001 0 eng d
020 ## - INTERNATIONAL STANDARD BOOK NUMBER
International Standard Book Number 9789835220920
Terms of availability RM60.00
Qualifying information paperback
040 ## - CATALOGING SOURCE
Original cataloging agency PPAK
Language of cataloging eng
Transcribing agency PPAK
Description conventions rda
082 04 - DEWEY DECIMAL CLASSIFICATION NUMBER
Edition number 23
Classification number 624.151
090 00 - LOCALLY ASSIGNED LC-TYPE CALL NUMBER (OCLC); LOCAL CALL NUMBER (RLIN)
Classification number (OCLC) (R) ; Classification number, CALL (RLIN) (NR) 624.151
Feature heading GRO
Feature heading G
245 00 - TITLE STATEMENT
Title GROUND IMPROVEMENT AND STRUCTURAL DESIGN APPLICATIONS IN GEOTECHNICAL ENGINEERING /
Statement of responsibility, etc. EDITORS: SITI NORAFIDA JUSOH, NOR ZURAIRAHETTY MOHD YUNUS
250 ## - EDITION STATEMENT
Edition statement First Edition 2024
264 #1 - PRODUCTION, PUBLICATION, DISTRIBUTION, MANUFACTURE, AND COPYRIGHT NOTICE
Place of production, publication, distribution, manufacture Johor Bahru, Johor :
Name of producer, publisher, distributor, manufacturer PENERBIT UTM PRESS,
Date of production, publication, distribution, manufacture, or copyright notice 2024
Date of production, publication, distribution, manufacture, or copyright notice ©2024
300 ## - PHYSICAL DESCRIPTION
Extent xii, 176 pages :
Other physical details illustrations, charts, photographs ;
Dimensions 25 cm
336 ## - CONTENT TYPE
Content type term text
Source rdacontent
337 ## - MEDIA TYPE
Media type term unmediated
Source rdamedia
338 ## - CARRIER TYPE
Carrier type term volume
Source rdacarrier
504 ## - BIBLIOGRAPHY, ETC. NOTE
Bibliography, etc. note Includes bibliographical references and index.
650 10 - SUBJECT ADDED ENTRY--TOPICAL TERM
Topical term or geographic name entry element Geotechnical engineering
Topical term or geographic name entry element Engineering geology
Topical term or geographic name entry element Government publications
Geographic subdivision Malaysia
700 0# - ADDED ENTRY--PERSONAL NAME
Personal name Siti Norafida Jusoh,
Relator term editor.
Personal name Nor Zurairahetty Mohd Yunus,
Relator term editor.
942 ## - ADDED ENTRY ELEMENTS (KOHA)
Source of classification or shelving scheme Dewey Decimal Classification
Koha item type Book

No items available.